[Event "Rio de Janeiro Duchamp op 4th"]
[Site "Rio de Janeiro"]
[Date "2022.12.10"]
[Round "5"]
[White "Fier, Alexandr"]
[Black "Alonso, Salvador"]
[Result "1/2-1/2"]
[WhiteElo "2600"]
[BlackElo "2471"]
[PlyCount "61"]
[EventDate "2022.12.07"]
[EventType "swiss"]
[EventRounds "9"]
[EventCountry "BRA"]
[SourceTitle "CBM 211 Extra"]
[Source "ChessBase"]
[SourceDate "2023.01.31"]
[SourceVersion "1"]
[SourceVersionDate "2023.01.31"]
[SourceQuality "1"]

1. d4 d5 2. c4 c6 3. Nf3 Nf6 4. Nc3 dxc4 5. a4 Bf5 6. Ne5 e6 7. f3 c5 8. e4 Bg6 9. Be3 cxd4 10. Qxd4 Qxd4 11. Bxd4 Nfd7 12. Nxd7 Nxd7 13. Bxc4 Rc8 14. Bb3 a6 15. a5 Nb8 16. Kf2 Nc6 17. Ba4 f6 18. Rhc1 Bd6 19. Nd1 Ke7 20. Bxc6 Rxc6 21. Rxc6 bxc6 22. Bb6 Rc8 23. Ne3 Be8 24. Rc1 c5 25. Nc4 Bb5 26. Nxd6 Kxd6 27. Ke3 e5 28. g4 c4 29. h4 Ke6 30. g5 Rc6 31. gxf6 1/2-1/2

[Event "Rio de Janeiro Duchamp op 4th"]
[Site "Rio de Janeiro"]
[Date "2022.12.09"]
[Round "3"]
[White "Alonso, Salvador"]
[Black "Santos Filho, Tadeu Souza"]
[Result "1-0"]
[WhiteElo "2471"]
[BlackElo "2018"]
[PlyCount "69"]
[EventDate "2022.12.07"]
[EventType "swiss"]
[EventRounds "9"]
[EventCountry "BRA"]
[SourceTitle "CBM 211 Extra"]
[Source "ChessBase"]
[SourceDate "2023.01.31"]
[SourceVersion "1"]
[SourceVersionDate "2023.01.31"]
[SourceQuality "1"]

1. e4 c6 2. d4 d5 3. Nd2 dxe4 4. Nxe4 Nf6 5. Nxf6+ exf6 6. Nf3 Bd6 7. Bd3 0-0 8. 0-0 Bg4 9. h3 Bh5 10. Bf5 Bc7 11. c3 Qd6 12. g3 Na6 13. Qd3 Rfe8 14. Bxh7+ Kh8 15. Bf5 Qd5 16. g4 g6 17. c4 Qd6 18. gxh5 gxf5 19. Qxf5 Rg8+ 20. Kh1 b6 21. Be3 Nb4 22. Rg1 Nd3 23. b3 Qe6 24. Qxe6 fxe6 25. Nh4 f5 26. Ng6+ Kh7 27. Rad1 Nb4 28. Rd2 Rg7 29. a3 Rag8 30. Bg5 Na6 31. Re2 Re8 32. Rxe6 Rxe6 33. Nf8+ Kg8 34. Nxe6 Rd7 35. Bf4+ 1-0

[Event "Montevideo Integracion 2nd"]
[Site "Montevideo"]
[Date "2022.11.30"]
[Round "3"]
[White "Alonso, Salvador"]
[Black "Spata, German"]
[Result "1-0"]
[WhiteElo "2471"]
[BlackElo "2346"]
[PlyCount "73"]
[EventDate "2022.11.28"]
[EventType "tourn"]
[EventRounds "9"]
[EventCountry "URU"]
[EventCategory "3"]
[SourceTitle "CBM 211 Extra"]
[Source "ChessBase"]
[SourceDate "2023.01.31"]
[SourceVersion "1"]
[SourceVersionDate "2023.01.31"]
[SourceQuality "1"]

1. e4 e6 2. d4 d5 3. Nd2 c5 4. exd5 Qxd5 5. dxc5 Nf6 6. Ngf3 Bxc5 7. Bc4 Qc6 8. Qe2 0-0 9. Nb3 Be7 10. Bg5 a6 11. Nbd4 Qc7 12. 0-0-0 b5 13. Bb3 Rd8 14. Ne5 Nd5 15. Bxe7 Qxe7 16. Ndc6 Nxc6 17. Nxc6 Qg5+ 18. Qd2 Qxd2+ 19. Rxd2 Re8 20. Bxd5 exd5 21. Nb4 Bb7 22. Nxd5 Rac8 23. Rhd1 h5 24. h4 Kh7 25. b3 Re4 26. g3 Re5 27. Rd4 g6 28. Ne3 Kg7 29. Rd7 Bf3 30. R1d6 a5 31. Ra7 b4 32. Rdd7 Rf8 33. Kb2 Bg4 34. Rd5 Rxd5 35. Nxd5 Re8 36. Ne3 Rd8 37. Kc1 1-0

[Event "ARG-ch sf 95th"]
[Site "Buenos Aires"]
[Date "2020.02.24"]
[Round "3"]
[White "Perez, Daniel1111"]
[Black "Alonso, Salvador"]
[Result "0-1"]
[WhiteElo "2209"]
[BlackElo "2473"]
[PlyCount "135"]
[EventDate "2020.02.22"]
[EventType "swiss"]
[EventRounds "9"]
[EventCountry "ARG"]
[SourceTitle "CBM 195 Extra"]
[Source "ChessBase"]
[SourceDate "2020.05.31"]
[SourceVersion "1"]
[SourceVersionDate "2020.05.31"]
[SourceQuality "1"]

1. d4 Nf6 2. Nf3 d5 3. c4 c6 4. Nc3 dxc4 5. a4 Bf5 6. Ne5 Nbd7 7. Nxc4 Qc7 8. g3 e5 9. dxe5 Nxe5 10. Bf4 Nfd7 11. Bg2 f6 12. 0-0 g5 13. Bxe5 Nxe5 14. Nxe5 Qxe5 15. Qb3 0-0-0 16. a5 a6 17. Rfc1 Be6 18. Qc2 Kb8 19. e3 Be7 20. Ne2 Bb4 21. Nd4 Bd7 22. Qb3 c5 23. Rc4 Rc8 24. Qd1 Rhd8 25. Qb1 Rc7 26. Nf3 Qe6 27. Rc1 Bb5 28. Rd1 Rxd1+ 29. Qxd1 Rd7 30. Qc2 Bd3 31. Qa4 Bb5 32. Qc2 Ka7 33. h3 Bd3 34. Qa4 Qe7 35. Rd1 Bb5 36. Rxd7 Qxd7 37. Qc2 Qd3 38. Qc1 Qd7 39. Qc2 Bd3 40. Qd1 Bf5 41. Qb3 Bxa5 42. g4 Be6 43. Qc2 Bb4 44. e4 h6 45. e5 f5 46. gxf5 Bxf5 47. Qe2 Qd3 48. Qxd3 Bxd3 49. e6 c4 50. Ne5 Bd6 51. Nf7 Be7 52. Nxh6 Bh7 53. Bd5 b5 54. Kg2 Kb6 55. Kf3 Kc5 56. Be4 Bxe4+ 57. Kxe4 Kd6 58. Kf5 b4 59. Nf7+ Kd5 60. Ne5 c3 61. bxc3 bxc3 62. Ng4 a5 63. Ne3+ Kd4 64. Kg6 Kd3 65. Kf7 Bc5 66. e7 Bxe7 67. Kxe7 c2 68. Nxc2 0-1

[Event "Rio de Janeiro Duchamp op 3rd"]
[Site "Rio de Janeiro"]
[Date "2019.12.11"]
[Round "6"]
[White "Alonso, Salvador"]
[Black "Urquiza, Marcello de Albuque"]
[Result "1-0"]
[WhiteElo "2481"]
[BlackElo "2075"]
[PlyCount "53"]
[EventDate "2019.12.07"]
[EventType "swiss"]
[EventRounds "9"]
[EventCountry "BRA"]
[SourceTitle "CBM 193 Extra"]
[Source "ChessBase"]
[SourceDate "2020.01.31"]
[SourceVersion "1"]
[SourceVersionDate "2020.01.31"]
[SourceQuality "1"]

1. e4 c5 2. Nf3 e6 3. d4 cxd4 4. Nxd4 a6 5. Bd3 d6 6. 0-0 Nf6 7. Qe2 b6 8. f4 Bb7 9. Nc3 b5 10. Nf3 b4 11. Na4 g6 12. a3 bxa3 13. b3 d5 14. e5 Ne4 15. Bxe4 dxe4 16. Rd1 Qc7 17. Ng5 Qc6 18. Rd4 Be7 19. Nxe4 0-0 20. Bxa3 Bxa3 21. Rxa3 Nd7 22. Rc4 Qd5 23. Nac3 Rfd8 24. Nxd5 exd5 25. Rc7 dxe4 26. Rxb7 Nc5 27. Rb4 1-0

[Event "Rio Grande op 19th"]
[Site "Rio Grande"]
[Date "2019.07.07"]
[Round "4"]
[White "Magas Varas, Rodrigo"]
[Black "Alonso, Salvador"]
[Result "0-1"]
[WhiteElo "2063"]
[BlackElo "2500"]
[PlyCount "48"]
[EventDate "2019.07.05"]
[EventType "swiss"]
[EventRounds "7"]
[EventCountry "ARG"]
[SourceTitle "EXT 2020"]
[Source "ChessBase"]
[SourceDate "2019.10.17"]
[SourceVersion "1"]
[SourceVersionDate "2019.10.17"]
[SourceQuality "1"]

1. e4 c5 2. Nf3 e6 3. b3 b6 4. Bb2 Bb7 5. Bd3 Nc6 6. a3 Nge7 7. c4 Ng6 8. 0-0 Bd6 9. Re1 0-0 10. Nc3 Nce5 11. Nxe5 Bxe5 12. Na4 Qg5 13. Re3 Bf4 14. Rh3 Be5 15. Bc2 Bxb2 16. Nxb2 f5 17. Rg3 Qf6 18. exf5 Nh4 19. Ra2 exf5 20. Qh5 g6 21. Qh6 Rae8 22. h3 Nxg2 23. Rxg2 Re1+ 24. Kh2 Qd6+ 0-1

[Event "Rio Grande op 19th"]
[Site "Rio Grande"]
[Date "2019.07.06"]
[Round "3"]
[White "Alonso, Salvador"]
[Black "Barrozo, Cristian"]
[Result "1-0"]
[WhiteElo "2500"]
[BlackElo "1835"]
[PlyCount "49"]
[EventDate "2019.07.05"]
[EventType "swiss"]
[EventRounds "7"]
[EventCountry "ARG"]
[SourceTitle "EXT 2020"]
[Source "ChessBase"]
[SourceDate "2019.10.17"]
[SourceVersion "1"]
[SourceVersionDate "2019.10.17"]
[SourceQuality "1"]

1. e4 e6 2. d4 d5 3. Nd2 Be7 4. Bd3 dxe4 5. Nxe4 Nf6 6. Nf3 Nbd7 7. Nxf6+ Nxf6 8. Bg5 h6 9. Be3 Bd7 10. Qe2 c5 11. 0-0-0 Qa5 12. Kb1 Rc8 13. Ne5 a6 14. g4 Bc6 15. Rhe1 Nd5 16. Bd2 Qc7 17. c4 Nb4 18. Bxb4 cxb4 19. d5 exd5 20. cxd5 Bxd5 21. Rc1 Qd8 22. Rxc8 Qxc8 23. Ng6 Qe6 24. Qxe6 Bxe6 25. Nxh8 1-0

[Event "Mar del Plata op 50th"]
[Site "Mar del Plata"]
[Date "2019.04.18"]
[Round "7"]
[White "Perez Candelas, Andres Eloy"]
[Black "Alonso, Salvador"]
[Result "0-1"]
[WhiteElo "2182"]
[BlackElo "2497"]
[PlyCount "98"]
[EventDate "2019.04.13"]
[EventType "swiss"]
[EventRounds "9"]
[EventCountry "ARG"]
[SourceTitle "CBM 190 Extra"]
[Source "ChessBase"]
[SourceDate "2019.07.15"]
[SourceVersion "1"]
[SourceVersionDate "2019.07.15"]
[SourceQuality "1"]

1. e4 c5 2. c3 d5 3. exd5 Qxd5 4. d4 Nf6 5. Nf3 e6 6. Be3 cxd4 7. cxd4 Bb4+ 8. Nc3 0-0 9. Be2 Bd7 10. Qd3 Bc6 11. 0-0 Qa5 12. Ne5 Nbd7 13. Bf4 Nxe5 14. dxe5 Rfd8 15. Qg3 Ne4 16. Nxe4 Bxe4 17. Bg5 Rd5 18. Bc4 Rd4 19. Rac1 Bd2 20. Rcd1 Bc2 21. Bxd2 Rxd2 22. Rxd2 Qxd2 23. Qf3 Rb8 24. Bb3 h6 25. h3 Bxb3 26. Qxb3 Qd4 27. Re1 b6 28. Re2 Rc8 29. Qe3 Qxe3 30. Rxe3 Rc1+ 31. Kh2 Rc2 32. f4 Rxb2 33. a3 Rc2 34. Rd3 Rc4 35. Kg3 g5 36. fxg5 hxg5 37. Rd2 Ra4 38. Rd3 Kg7 39. Kf3 Kg6 40. g4 b5 41. Rc3 a5 42. Rb3 b4 43. axb4 Rxb4 44. Ra3 a4 45. Kg2 Kg7 46. Kg1 Kf8 47. Kg2 Ke7 48. Kg1 Kd7 49. Rc3 Rb5 0-1

[Event "Buenos Aires La Porta Cup"]
[Site "Buenos Aires"]
[Date "2019.03.28"]
[Round "8"]
[White "Alonso, Salvador"]
[Black "Romero Barreto, Jaime Jose"]
[Result "1-0"]
[WhiteElo "2497"]
[BlackElo "2337"]
[PlyCount "93"]
[EventDate "2019.03.20"]
[EventType "swiss"]
[EventRounds "9"]
[EventCountry "ARG"]
[SourceTitle "CBM 189 Extra"]
[Source "ChessBase"]
[SourceDate "2019.06.03"]
[SourceVersion "1"]
[SourceVersionDate "2019.06.03"]
[SourceQuality "1"]

1. e4 e5 2. Nf3 Nc6 3. d4 exd4 4. Nxd4 Bc5 5. Nb3 Bb6 6. Qe2 d6 7. Be3 Nf6 8. Nc3 0-0 9. 0-0-0 Re8 10. f3 Be6 11. Kb1 Ne5 12. Bxb6 axb6 13. Nd4 Bc4 14. Qf2 Bxf1 15. Rhxf1 Nc6 16. g4 Nxd4 17. Qxd4 Re5 18. f4 Rea5 19. e5 Ne8 20. a3 b5 21. exd6 Nxd6 22. g5 Qf8 23. Rfe1 Nc4 24. Nd5 Qd6 25. Ne7+ Kf8 26. Qxd6 Nxd6 27. Nd5 Ne8 28. Rd3 Ra4 29. c3 Rc4 30. Rh3 Rd8 31. Rxh7 Kg8 32. Rh3 f5 33. gxf6 Rxd5 34. Rxe8+ Kf7 35. fxg7 Kxg7 36. Re5 Rxe5 37. fxe5 Re4 38. Rd3 c6 39. Rd7+ Kg6 40. Rxb7 Rxe5 41. Rc7 Rc5 42. Kc2 Kf6 43. b4 Rc4 44. Kb3 Ke5 45. a4 Rh4 46. Rxc6 bxa4+ 47. Kxa4 1-0

[Event "Buenos Aires La Porta Cup"]
[Site "Buenos Aires"]
[Date "2019.03.26"]
[Round "6"]
[White "Alonso, Salvador"]
[Black "Garcia, Raimundo"]
[Result "1-0"]
[WhiteElo "2497"]
[BlackElo "2238"]
[PlyCount "76"]
[EventDate "2019.03.20"]
[EventType "swiss"]
[EventRounds "9"]
[EventCountry "ARG"]
[SourceTitle "CBM 189 Extra"]
[Source "ChessBase"]
[SourceDate "2019.06.03"]
[SourceVersion "1"]
[SourceVersionDate "2019.06.03"]
[SourceQuality "1"]

1. e4 c6 2. d4 d5 3. Nd2 dxe4 4. Nxe4 Nf6 5. Nxf6+ exf6 6. c3 Bd6 7. Bd3 0-0 8. Ne2 Re8 9. Qc2 h5 10. Be3 Nd7 11. 0-0-0 Nf8 12. Kb1 Be6 13. c4 Rc8 14. Nc3 a6 15. h3 b5 16. c5 Bb8 17. Be4 b4 18. d5 cxd5 19. Bxd5 Qe7 20. Bxe6 fxe6 21. Ne4 Red8 22. g4 h4 23. Rxd8 Qxd8 24. Rd1 Qe8 25. Nd6 Bxd6 26. Rxd6 Qb5 27. Qd3 Qxd3+ 28. Rxd3 Rc6 29. Kc2 Kf7 30. Kb3 Ke7 31. Kxb4 Nd7 32. f4 f5 33. gxf5 exf5 34. Bf2 Ke6 35. Re3+ Kf7 36. Bxh4 Nf6 37. Bxf6 Kxf6 38. h4 Rc8 1-0

[Event "Buenos Aires La Porta Cup"]
[Site "Buenos Aires"]
[Date "2019.03.25"]
[Round "5"]
[White "Axarlian, Carlos"]
[Black "Alonso, Salvador"]
[Result "0-1"]
[WhiteElo "2089"]
[BlackElo "2497"]
[PlyCount "76"]
[EventDate "2019.03.20"]
[EventType "swiss"]
[EventRounds "9"]
[EventCountry "ARG"]
[SourceTitle "CBM 189 Extra"]
[Source "ChessBase"]
[SourceDate "2019.06.03"]
[SourceVersion "1"]
[SourceVersionDate "2019.06.03"]
[SourceQuality "1"]

1. e4 c5 2. Nf3 e6 3. d4 cxd4 4. Nxd4 Nc6 5. g3 d6 6. Bg2 Bd7 7. 0-0 Nf6 8. c4 a6 9. Nc3 Rc8 10. b3 Be7 11. Bb2 Nxd4 12. Qxd4 b5 13. cxb5 axb5 14. e5 dxe5 15. Qxe5 Qc7 16. Qg5 h6 17. Qe3 0-0 18. Rad1 Bc6 19. Bxc6 Qxc6 20. Ne2 Nd5 21. Qf3 Qa8 22. Be5 b4 23. Rd3 Nf6 24. Qf4 Rfd8 25. Rxd8+ Rxd8 26. Nd4 Rc8 27. Rc1 Rxc1+ 28. Qxc1 Qxa2 29. Nc6 Bf8 30. Bxf6 gxf6 31. Qc4 Qd2 32. Kg2 f5 33. h3 Qe1 34. Nd4 Qe4+ 35. f3 Qe3 36. h4 Bd6 37. Ne2 Bc5 38. g4 Qf2+ 0-1

[Event "Montevideo Duchamp Cup 3rd"]
[Site "Montevideo"]
[Date "2019.02.12"]
[Round "5"]
[White "Granara Barreto, Sebastian A"]
[Black "Alonso, Salvador"]
[Result "0-1"]
[WhiteElo "2134"]
[BlackElo "2502"]
[PlyCount "100"]
[EventDate "2019.02.09"]
[EventType "swiss"]
[EventRounds "9"]
[EventCountry "URU"]
[SourceTitle "CBM 188 Extra"]
[Source "ChessBase"]
[SourceDate "2019.02.26"]
[SourceVersion "1"]
[SourceVersionDate "2019.02.26"]
[SourceQuality "1"]

1. e4 c5 2. Nf3 Nc6 3. Bb5 e6 4. 0-0 Nge7 5. d4 cxd4 6. Nxd4 Qb6 7. Nxc6 bxc6 8. Bd3 Ng6 9. c4 Be7 10. Nc3 c5 11. f4 Bb7 12. Qe2 a6 13. Be3 Qc7 14. Rad1 Bf6 15. e5 Be7 16. Ne4 Bxe4 17. Bxe4 Rd8 18. Rd2 0-0 19. Rfd1 d6 20. exd6 Rxd6 21. Rxd6 Bxd6 22. g3 Be7 23. Rd3 Rb8 24. Qd2 Nf8 25. b3 a5 26. a4 Rd8 27. Rxd8 Bxd8 28. Qd3 Bf6 29. Kg2 g6 30. Bf3 Qb6 31. h4 h5 32. Bd1 Kg7 33. Bf3 Bd4 34. Qe4 Nd7 35. Bd1 Bxe3 36. Qxe3 Qd6 37. Bf3 Qd4 38. Kf2 Kf6 39. Bc6 Ke7 40. Qxd4 cxd4 41. Bxd7 Kxd7 42. Ke2 Kd6 43. Kd3 Kc5 44. Ke4 f6 45. Kd3 e5 46. Ke4 f5+ 47. Kd3 e4+ 48. Kd2 d3 49. Ke3 Kd6 50. Kd2 Kc6 0-1

[Event "ARG-chT"]
[Site "Villa Martelli"]
[Date "2018.08.18"]
[Round "7.3"]
[White "Romero Barreto, Jaime Jose"]
[Black "Alonso, Salvador"]
[Result "1/2-1/2"]
[WhiteElo "2315"]
[BlackElo "2511"]
[PlyCount "136"]
[EventDate "2018.07.07"]
[EventType "team-swiss"]
[EventRounds "9"]
[EventCountry "ARG"]
[SourceTitle "CBM 187 Extra"]
[Source "ChessBase"]
[SourceDate "2018.11.04"]
[SourceVersion "1"]
[SourceVersionDate "2018.11.04"]
[SourceQuality "1"]
[WhiteTeam "Club Argentino"]
[BlackTeam "Obras AySa"]
[WhiteTeamCountry "ARG"]
[BlackTeamCountry "ARG"]

1. e4 c5 2. Nf3 e6 3. c3 d5 4. exd5 Qxd5 5. d4 Nf6 6. Na3 Nc6 7. Be3 cxd4 8. Nb5 Qd7 9. Nbxd4 Nd5 10. Nxc6 bxc6 11. Bd3 Nxe3 12. fxe3 Bc5 13. 0-0 0-0 14. Kh1 Qe7 15. Ne5 Qg5 16. Nxf7 Rxf7 17. Rxf7 Kxf7 18. Qf3+ Ke7 19. Qxc6 Qd5 20. Qc7+ Bd7 21. Be4 Qxe4 22. Qxc5+ Kf7 23. Rf1+ Kg8 24. Qe7 h6 25. Qf7+ Kh7 26. Qxd7 Rf8 27. Qd1 Rxf1+ 28. Qxf1 Qxe3 29. h3 e5 30. Qf5+ Kh8 31. Kh2 e4 32. c4 Qd3 33. c5 Qd4 34. Qf8+ Kh7 35. Qd6 Qxb2 36. c6 Qc2 37. Qe6 e3 38. Qxe3 Qxc6 39. Qxa7 Qd6+ 40. Kh1 Qe5 41. Qf2 Kg8 42. g3 h5 43. h4 g5 44. hxg5 Qxg5 45. Kh2 Qg4 46. a3 Kg7 47. Qf4 Qe2+ 48. Kh3 Kg6 49. a4 Qe6+ 50. g4 Qb3+ 51. Kh4 hxg4 52. Kxg4 Qd1+ 53. Kh3 Qh1+ 54. Qh2 Qa1 55. Qc2+ Kf6 56. Qc6+ Kf5 57. Qc8+ Kf4 58. Qg4+ Ke3 59. Qg5+ Ke4 60. Qg6+ Kd5 61. Qf5+ Kd6 62. Qd3+ Kc7 63. Qb5 Qc3+ 64. Kg4 Qd4+ 65. Kf3 Qc3+ 66. Ke2 Qc2+ 67. Ke3 Qc3+ 68. Ke4 Qc6+ 1/2-1/2

[Event "ARG-chT"]
[Site "Villa Martelli"]
[Date "2018.08.11"]
[Round "6.2"]
[White "Alonso, Salvador"]
[Black "Kapitanchuk, Tomas"]
[Result "1-0"]
[WhiteElo "2511"]
[BlackElo "2253"]
[PlyCount "83"]
[EventDate "2018.07.07"]
[EventType "team-swiss"]
[EventRounds "9"]
[EventCountry "ARG"]
[SourceTitle "CBM 187 Extra"]
[Source "ChessBase"]
[SourceDate "2018.11.04"]
[SourceVersion "1"]
[SourceVersionDate "2018.11.04"]
[SourceQuality "1"]
[WhiteTeam "Obras AySa"]
[BlackTeam "Quilmes"]
[WhiteTeamCountry "ARG"]
[BlackTeamCountry "ARG"]

1. e4 c5 2. Nf3 e6 3. d4 cxd4 4. Nxd4 Nc6 5. Nb5 d6 6. Bf4 e5 7. Be3 Be6 8. Nd2 a6 9. Nc3 Nf6 10. Nc4 b5 11. Nb6 Rb8 12. Nbd5 Ng4 13. Be2 Nxe3 14. Nxe3 Be7 15. Ncd5 0-0 16. c3 g6 17. a4 f5 18. axb5 axb5 19. Ra6 f4 20. Nc2 f3 21. Bxf3 Rc8 22. Bg4 Qd7 23. Bxe6+ Qxe6 24. 0-0 Bg5 25. Qe2 Nb8 26. Ra5 Nd7 27. Rxb5 Rb8 28. Rxb8 Rxb8 29. Ncb4 Nc5 30. Ra1 Rb7 31. h3 h5 32. Ra8+ Kg7 33. Na6 Nxa6 34. Rxa6 Rf7 35. Ra1 Bh4 36. Rf1 Rb7 37. b4 Bd8 38. Ra1 Kh6 39. c4 g5 40. Ra8 Bf6 41. c5 Rf7 42. Ra6 1-0

[Event "Montevideo Duchamp Cup 2nd"]
[Site "Montevideo"]
[Date "2018.02.08"]
[Round "9"]
[White "Alonso, Salvador"]
[Black "Cimer, Emanuel"]
[Result "1-0"]
[WhiteElo "2510"]
[BlackElo "2270"]
[PlyCount "55"]
[EventDate "2018.02.02"]
[EventType "swiss"]
[EventRounds "9"]
[EventCountry "URU"]
[SourceTitle "CBM 182 Extra"]
[Source "ChessBase"]
[SourceDate "2018.02.23"]
[SourceVersion "1"]
[SourceVersionDate "2018.02.23"]
[SourceQuality "1"]

1. e4 c5 2. Nf3 d6 3. d4 cxd4 4. Nxd4 Nf6 5. Nc3 g6 6. Be3 Bg7 7. f3 0-0 8. Qd2 Nc6 9. 0-0-0 d5 10. exd5 Nxd5 11. Nxc6 bxc6 12. Bd4 e5 13. Bc5 Be6 14. Ne4 h6 15. c4 Nb6 16. Qc3 Qc8 17. Bd6 Nd7 18. g4 Re8 19. h4 c5 20. h5 f5 21. gxf5 gxf5 22. Rg1 fxe4 23. Qe3 Kh8 24. Rxg7 Kxg7 25. Qxe4 Bf7 26. Bd3 Nf6 27. Rg1+ Kh8 28. Qe3 1-0